| 000 | 00804 a2200193 4500 | ||
|---|---|---|---|
| 003 | NUST | ||
| 005 | 20251125155000.0 | ||
| 040 | _cNust | ||
| 082 | _a621.382,ANW | ||
| 100 |
_aAnwar, Hamna (TCC-20) _9132084 |
||
| 245 |
_aWireless multimedia sensor network using micaz motes / _cHamna Anwar and Hamza Tariq Khan |
||
| 260 |
_aRawalpindi _bMCS (NUST) _c2012 |
||
| 300 | _axiii, 104 p.; | ||
| 505 | _aIntroduction (Page-1), Literature Review (Page-6), Network Topology and Design (Page-24), Wireless Network of MICAz motes (Page-360, Image Acquisition (Page-48), Processing in MATLAB (Page-54), Future Work and Conclusion (Page-62), Bibliography (Page-102). | ||
| 650 |
_aUG Projects _998716 |
||
| 651 |
_aTCC-20 _9131219 |
||
| 700 |
_aSupervised by Lec Obaidullah Khalid _9132085 |
||
| 942 |
_cPR _2ddc |
||
| 999 |
_c190674 _d190674 |
||